000 00572cam a22002171a 4500
001 sa 68012916
003 DLC
005 20260227112616.0
008 841025m19661967ii 000 0 beno
010 _asa 68012916
035 _a(OCoLC)21692474
040 _aDLC
_cCU
_dWaU
_dDLC
042 _apremarc
050 0 0 _aPK1687
_b.B27
100 1 _aBandyopadhyaya, Haricharan.
245 1 0 _aBaṅgiẏa śabdakosha.
250 _a[2nd ed.]
260 _aNiu Dillī :
_bSāhitā Akādemī,
_c1966-
300 _a2 v. ;
_c25 cm.
650 0 _aBengali language
_xDictionaries
999 _c84809
_d84809